Eagle Day : (Record no. 4805)
[ view plain ]
| 000 -LEADER | |
|---|---|
| fixed length control field | 00526cam a22001691 4500 |
| 005 - DATE AND TIME OF LATEST TRANSACTION | |
| control field | 20250901165505.0 |
| 008 - FIXED-LENGTH DATA ELEMENTS--GENERAL INFORMATION | |
| fixed length control field | 790214s1966 enkcf 000 0 eng |
| 010 ## - LIBRARY OF CONGRESS CONTROL NUMBER | |
| LC control number | 66076300 |
| 050 00 - LIBRARY OF CONGRESS CALL NUMBER | |
| Classification number | D 786 .C65 1966a |
| Item number | .C65 1966a |
| 082 ## - DEWEY DECIMAL CLASSIFICATION NUMBER | |
| Classification number | 940.5421 |
| 100 1# - MAIN ENTRY--PERSONAL NAME | |
| Personal name | Collier, Richard, |
| Dates associated with a name | 1924-1996. |
| 245 10 - TITLE STATEMENT | |
| Title | Eagle Day : |
| Remainder of title | the Battle of Britain, August 6--September 15, 1940. |
| 260 ## - PUBLICATION, DISTRIBUTION, ETC. | |
| Place of publication, distribution, etc. | London, |
| Name of publisher, distributor, etc. | Hodder & Stoughton |
| Date of publication, distribution, etc. | [1966] |
| 300 ## - PHYSICAL DESCRIPTION | |
| Extent | 316 p. |
| Other physical details | 24 plates (incl. ports.) |
| Dimensions | 21 cm. |
| 500 ## - GENERAL NOTE | |
| General note | Maps on endpapers. |
| 942 ## - ADDED ENTRY ELEMENTS (KOHA) | |
| Source of classification or shelving scheme | Dewey Decimal Classification |
| Withdrawn status | Lost status | Source of classification or shelving scheme | Damaged status | Not for loan | Home library | Current library | Shelving location | Date acquired | Total checkouts | Full call number | Barcode | Date last seen | Price effective from | Koha item type |
|---|---|---|---|---|---|---|---|---|---|---|---|---|---|---|
| Library of Congress Classification | Main Library | Main Library | 05/13/2021 | D 786 .C65 1966a | PIU0008848 | 05/13/2021 | 05/13/2021 | Books |